El Monumento a los héroes del Bruch : una brillante iniciativa del Excmo. Sr. Gobernador civil, a la que presta su adhesión entusiasta la Diputación Provincial / una brillante iniciativa del Excmo. Sr. Gobernador civil, a la que presta su adhesión entusiasta la Diputación Provincial /
Colección:
San Jorge,
; núm. 5 (gener 1952), pàg. 19
Idioma:
Español
MARC
| LEADER | 00000naa a2200000 a 4500 | ||
|---|---|---|---|
| 003 | Arxiu | ||
| 005 | 20260324181027.0 | ||
| 008 | 160829s1952 spc xx s spa c | ||
| 040 | |a agdb | ||
| 100 | 1 | |a Hernández, Tomás, |9 20277 |d 1919-2013 | |
| 245 | 1 | 3 | |a El Monumento a los héroes del Bruch : |b una brillante iniciativa del Excmo. Sr. Gobernador civil, a la que presta su adhesión entusiasta la Diputación Provincial / |c T.H. |
| 490 | |a San Jorge, |v núm. 5 (gener 1952), pàg. 19 | ||
| 650 | 0 | |a Bruc, Batalla del, 1808 |9 21316 | |
| 650 | 0 | |a Monuments commemoratius |9 54659 |z Barcelona (Província) | |
| 773 | |t San Jorge. |g Núm. 5 (gener 1952), pàg. 19 | ||
| 901 | |a Arxiu | ||
| 942 | |n 1 |2 udc |c ART | ||
| 952 | |0 0 |1 0 |4 0 |6 REV508 |7 1 |9 64601 |a Arxiu |b Arxiu |d 2022-12-02 |l 0 |o Rev-508 |r 2022-12-02 00:00:00 |w 2022-12-02 |y ARXIU |z També disponible a Rev-521 | ||
| 999 | |c 44125 |d 44125 | ||